| 000 | 01630nam a2200289Ia 4500 | ||
|---|---|---|---|
| 008 | 0000002008 enkad 0000000000eng00 | ||
| 020 | _a9780224079402 | ||
| 090 | _aPUS00 H25a | ||
| 100 | 1 | _aHenry, MaX | |
| 245 | 1 | 0 |
_aAbstract America _c/ Max Henry, Saatchi Gallery |
| 250 | _a1st ed. | ||
| 300 |
_a390 p. _c/ 30 cm. |
||
| 500 | _aTítulo en la carátula y en el lomo: Abstract America : new painting | ||
| 501 | _aTEXTO: The new Atlantis: Abstract America \ Incluye listado de artistas \ TeXto en inglés | ||
| 505 | _aARTISTAS: Kristin Baker John Bauer Dan Bayles Mark Bradford Joe Bradley MAtthew Brannon Carter Eric and Heather Chanschatz Andy Collins Francesca Dimattio Judith Eisler Inka Esssenhigh Bart EXposito Will Fowler Dana Frankfort Eric Freeman Barnaby Furnas Joanne Greenbaum Mark Grotjahn Marc Handelman Jacob Hashimoto Daniel Hesidence Elliott Hundley Douglas Kolk Chris Martin Ryan McGinness Ivam Morley Elizabeth Neel Baker Overstreet Michael Phelan David Ratcliff Scott Reeder Ruth Root Amanda RossHo Amy Sillman Josh Smith MArc Swanson Dan Walsh Garth Weiser Aaron WeXler Aaron Young | ||
| 650 | 1 | 4 | _a PINTURA ABSTRACTA ESTADOUNIDENSE |
| 650 | 1 | 4 | _aARTE CONTEMPORANEO ESTADOUNIDENSE |
| 650 | 1 | 4 | _aARTE MODERNO ESTADOUNIDENSE |
| 650 | 1 | 4 | _aARTE MODERNO ESTADOUNIDENSE |
| 650 | 1 | 4 | _xCATALOGOS |
| 650 | 1 | 4 | _aHISTORIA Y CRITICA |
| 650 | 1 | 4 | _aPINTURA ABSTRACTA ESTADOUNIDENSE |
| 650 | 1 | 4 | _aSIGLO XX |
| 710 | _aSaatchi Gallery. London | ||
| 999 |
_c14980 _d14980 |
||
| 260 |
_aLondon : Saatchi Gallery _c2008 |
||